| 000 | 01094nam a22003257a 4500 | ||
|---|---|---|---|
| 003 | CHAP | ||
| 005 | 20220329141106.0 | ||
| 008 | 971013s1994 ck r 00010 spa d | ||
| 010 | _a62469 | ||
| 011 | _a63441 | ||
| 035 | _a67617 | ||
| 040 | _cCHAP | ||
| 082 | 0 | 4 |
_a636.0882 _bT7 v.2 |
| 100 | 0 | 0 |
_aGalindo S., Walter F. _944310 |
| 245 | 1 | 0 |
_aAdiestramiento de animales de trabajo _c/por Walter F. Galindo S. |
| 260 |
_aCali, Colombia : _bCentro para la Investigación en Sistemas Sostenibles de Producción Agropecuaria, _c1994 |
||
| 300 | _a12 h. | ||
| 500 | _aFotocopia | ||
| 590 |
_aBATCH-UPD _b10 _c20130110 _lUCH01 _h0343 |
||
| 590 |
_aBATCH-UPD _b10 _c20130110 _lUCH01 _h1942 |
||
| 590 |
_aBATCH-UPD _b10 _c20130410 _lUCH01 _h0016 |
||
| 590 |
_aBATCH-UPD _b10 _c20130914 _lUCH01 _h0336 |
||
| 590 |
_aCONVERSION _b10 _c20130109 _lUCH01 _h1334 |
||
| 650 | 1 | 4 |
_aAnimales de carga. _95878 |
| 650 | 1 | 4 |
_aEnergía animal. _936889 |
| 901 | _aBK | ||
| 942 | _cFOLL | ||
| 949 |
_a636.0882 T7 v.2 _bBC _cESP _d-152974 _eESP _h92178 _i67617 _sb |
||
| 949 |
_aFolleto 14873 _bBC _cFOLL _d-153001 _eTS1 _i67617 _sb |
||
| 999 |
_c62469 _d62469 |
||